Lyrics of "We Major" - Kanye West - Statistics

General Stats
  • This quiz has been taken 77 times
  • The average score is 271 of 488
Answer Stats
Answer % Correct
*CHORUS REPEAT*
100%
a
98%
I
98%
n****,
98%
N*****
98%
N****
98%
n****
98%
n*****
98%
we
98%
We
98%
be
95%
the
93%
You
93%
you
93%
and
90%
And
90%
to
90%
To
90%
beat
88%
what
88%
"What
88%
better
86%
Better
86%
do
86%
on,
86%
on
86%
up
86%
up,
86%
up?
86%
He
83%
he
83%
so
83%
So
83%
when
83%
that
81%
then
79%
then,
79%
how
76%
is
76%
it,
76%
it
76%
come
74%
Come
74%
fuck
74%
major?
74%
major!
74%
too
74%
can't
71%
me
71%
of
71%
But
69%
but
69%
roll
69%
than
69%
watch
69%
"yes"
69%
feel
67%
some
67%
soon
67%
take
67%
your
67%
afternoon
64%
head
64%
homie,
64%
say
64%
shit,
64%
wanna
64%
don't
62%
Feelin'
62%
job
62%
she
62%
sip
62%
Sunday
62%
chick
60%
control
60%
it's
60%
its
60%
keep
60%
my
60%
or
60%
amazing
57%
get
57%
Get
57%
grow
57%
in
57%
know
57%
motherfuckers
57%
never
57%
nuts
57%
really
57%
until
57%
Until
57%
write
57%
write?"
57%
got
55%
hit
55%
stuck
55%
that's
55%
That's
55%
what's
55%
ain't
52%
blazing
52%
breasts
52%
daughter;
52%
first
52%
First
52%
God
52%
have
52%
pray
52%
should
52%
Should
52%
call
50%
had
50%
ice?
50%
karma
50%
line
50%
line;
50%
nine
50%
gang
48%
heard
48%
hold
48%
Projects
48%
show
48%
signs
48%
about
45%
door,
45%
hoes
45%
Now
45%
now,
45%
Now,
45%
they
45%
thrown
45%
Turn
45%
end
43%
nothing
43%
before
40%
rotation
40%
something,
40%
bad
38%
car
38%
day's
38%
for
38%
"Nas,
38%
pass,
38%
Puff-
38%
puff,
38%
right
38%
think
38%
two
38%
under
38%
want,
38%
want
38%
weather
38%
free
36%
IRS
36%
like
36%
like?
36%
little
36%
off
36%
off,
36%
Put
36%
shine
36%
smoke
36%
together
36%
are
33%
family
33%
freestyle
33%
Illmatic,
33%
paper
33%
said,
33%
skyscraper
33%
still"
33%
Towel
33%
"Was
33%
whole
33%
with
33%
all
31%
black
31%
chaser
31%
Chronic
31%
fans
31%
Gon'
31%
If
31%
I'm
31%
rhymes?
31%
this
31%
through
31%
Why
31%
Both
29%
funeral
29%
girl
29%
Henny?
29%
High
29%
Just
29%
man
29%
thinking
29%
verse
29%
At
26%
at
26%
Cool
26%
cool?
26%
else
26%
good
26%
local,
26%
Rap
26%
school?"
26%
sound
26%
strip
26%
things
26%
Best
24%
blow
24%
brought
24%
ground,
24%
hood
24%
Klan,
24%
nice
24%
pimpin',
24%
we major
24%
came
21%
cook
21%
Cooke
21%
plight
21%
pretty
21%
Sam
21%
savior
21%
send
21%
Asked
19%
asked
19%
Been
19%
clubs
19%
Four-
19%
from
19%
game
19%
'gnac,
19%
green,
19%
helped
19%
Look,
19%
pad
19%
studio
19%
these
19%
time
19%
tips
19%
took
19%
whiskey
19%
around
17%
big
17%
build
17%
Christ?
17%
Either
17%
Jackson
17%
King
17%
Looked
17%
own
17%
pencil,
17%
rappers
17%
reverend,
17%
see
17%
survived
17%
tore
17%
very
17%
way,
17%
agent,
14%
balcony
14%
blood,
14%
broke
14%
'Cause
14%
console,
14%
flicking
14%
give
14%
killed
14%
mic
14%
Motown
14%
since
14%
tears
14%
y'all
14%
years
14%
12
12%
change
12%
executive
12%
half
12%
hats
12%
hurts
12%
Jesse
12%
jotted
12%
love
12%
more
12%
out,
12%
shorties
12%
signed
12%
stealing
12%
sweat,
12%
clowns
10%
companies
10%
copped
10%
deprived
10%
fours
10%
life
10%
livest
10%
nine-to-fives
10%
stair
10%
used
10%
dealt
7%
fiends
7%
flows'd
7%
Hpnotiq
7%
longer
7%
LPs
7%
Lasted
5%
winos
5%
No matching quizzes found
Score Distribution
Percent of People with Each Score
Percentile by Number Answered
Your Score History
You have not taken this quiz